000 00509ntaaa2200193 4500
003 01
005 20251027202141.0
008 0714s1973 ag 01
040 _aAR-BaBN
_bspa
_cAR-BaBN
_eaacr
_dRIC
082 _a263.9100 V26
100 _aVann, Gerald
_913187
245 _aThe son's course
250 _a1 ed.
260 _aLondon :
_bCollins Fontana Books,
_cc1959
300 _a192 p
500 _aDiscipline through church's yearly calendar
650 _acalendario eclesiƔstico
_919539
942 _cBK
999 _c16465
_d16465